000 00516 a2200145 4500
040 _aDLC
_bDLC
082 _a297.63
100 _aNaqvi, Jamil.
245 _aLyric Homage to the last of Prophets Hadrat Muhammad (P.B.U.H)
_cJamil Naqvi
260 _aKarachi :
_bRoyal Book Company,
_c1987
300 _axvi, 124 p. ;
_c24 cm.
500 _aIncludes Index
650 _a1.Islamic, Policy.2.Muhammad Prophet, d632--Juvenile literature.3.Muslim--Saudi Arabia--Biography juvenile Literature.
942 _cBK
_k297.63 NAQ
_2ddc
999 _c7265
_d7265